[Event "Rated Blitz game"]
[Site "?"]
[Date "2021.01.25"]
[Round "?"]
[White "gambitd1"]
[Black "Sisyphus_64"]
[Result "0-1"]
[WhiteElo "2393"]
[BlackElo "2422"]
[PlyCount "90"]
[EventDate "2021.??.??"]
[EventType "blitz"]

1. e4 e5 2. Nf3 d5 3. Nxe5 Bd6 4. d4 dxe4 5. Be2 Bxe5 6. dxe5 Qxd1+ 7. Bxd1 Nc6
8. Bf4 Nge7 9. Nc3 Bf5 10. g4 Be6 11. Nxe4 Ng6 12. Bg3 Ngxe5 13. h3 O-O-O 14.
Be2 Bd5 15. f3 Nxf3+ 16. Bxf3 Rhe8 17. O-O Bxe4 18. Bxe4 Rxe4 19. Rxf7 Rd7 20.
Raf1 Ree7 21. Rf8+ Rd8 22. Rxd8+ Nxd8 23. Bh4 Re2 24. Rf8 Rd2 25. Kf1 h6 26.
Be7 Rd7 27. Bxd8 Rxd8 28. Rxd8+ Kxd8 29. Ke2 Ke7 30. Ke3 Kf6 31. Kf4 g5+ 32.
Ke4 Ke6 33. c4 c5 34. a3 a6 35. b4 cxb4 36. axb4 b6 37. Kd4 Kd6 38. c5+ bxc5+
39. bxc5+ Kc6 40. Kc4 a5 41. Kd4 a4 42. Kc4 a3 43. Kb3 Kxc5 44. Kxa3 Kd4 45.
Kb3 Ke3 {Normal} 0-1

[Event "Rated Blitz game"]
[Site "?"]
[Date "2021.01.25"]
[Round "?"]
[White "dbestsmiles"]
[Black "Fantastic_power06"]
[Result "1-0"]
[WhiteElo "2415"]
[BlackElo "2573"]
[PlyCount "39"]
[EventDate "2021.??.??"]
[EventType "blitz"]

1. e4 e5 2. Nf3 d5 3. Nxe5 Ne7 4. d4 Nbc6 5. exd5 Nxe5 6. dxe5 Nxd5 7. Bc4 Be6
8. O-O Bc5 9. Nd2 Qh4 10. Qe2 O-O-O 11. Qe4 Qh5 12. Be2 Qg6 13. Qxg6 hxg6 14.
Nb3 Bb6 15. c4 Nb4 16. c5 Bxb3 17. cxb6 Nc2 18. axb3 Nxa1 19. Bg5 Nxb3 20. bxa7
{Normal} 1-0

[Event "Rated Blitz game"]
[Site "?"]
[Date "2021.01.25"]
[Round "?"]
[White "gameoverbro"]
[Black "Fantastic_power06"]
[Result "0-1"]
[WhiteElo "2495"]
[BlackElo "2558"]
[PlyCount "44"]
[EventDate "2021.??.??"]
[EventType "blitz"]

1. e4 e5 2. Nf3 d5 3. exd5 e4 4. Qe2 Nf6 5. Nc3 Be7 6. Nxe4 O-O 7. Nxf6+ Bxf6
8. Qd1 Re8+ 9. Be2 Qxd5 10. O-O c5 11. Re1 Nc6 12. Bc4 Rxe1+ 13. Qxe1 Qd8 14.
h3 Nb4 15. Qe4 Bd7 16. c3 Bc6 17. Qe2 Nc2 18. Rb1 Qe8 19. Qxe8+ Rxe8 20. Bd3
Ne1 21. Nxe1 Rxe1+ 22. Kh2 Be5+ {Normal} 0-1

[Event "Rated Blitz game"]
[Site "?"]
[Date "2021.01.25"]
[Round "?"]
[White "Hirdons"]
[Black "Fantastic_power06"]
[Result "0-1"]
[WhiteElo "2666"]
[BlackElo "2557"]
[PlyCount "52"]
[EventDate "2021.??.??"]
[EventType "blitz"]

1. e4 e5 2. Nf3 d5 3. Nxe5 Bd6 4. d4 dxe4 5. Bc4 Bxe5 6. dxe5 Qxd1+ 7. Kxd1 Nc6
8. Bf4 Nge7 9. Re1 Bg4+ 10. Kc1 Ng6 11. Rxe4 Bf5 12. Re3 Nxf4 13. Rf3 g5 14. g3
Bg4 15. Rb3 O-O-O 16. f3 Nd4 17. gxf4 Nxb3+ 18. axb3 Bxf3 19. Nd2 Bg4 20. fxg5
Rhe8 21. Rxa7 Kb8 22. Ra5 b6 23. Rb5 c6 24. Rxb6+ Kc7 25. Ra6 Rxe5 26. Ra7+ Kb8
{Normal} 0-1

[Event "Rated Blitz game"]
[Site "?"]
[Date "2021.01.25"]
[Round "?"]
[White "Davigator"]
[Black "Schachelite"]
[Result "0-1"]
[WhiteElo "2320"]
[BlackElo "2405"]
[PlyCount "116"]
[EventDate "2021.??.??"]
[EventType "blitz"]

1. e4 e5 2. Nf3 d5 3. Nxe5 Bd6 4. d4 dxe4 5. Nc4 Nf6 6. Be2 Nc6 7. Be3 O-O 8.
a3 Be7 9. Nc3 a6 10. h3 b5 11. Nd2 Nxd4 12. Ndxe4 Nxe2 13. Qxe2 Bb7 14. Nxf6+
Bxf6 15. O-O Qe7 16. Qg4 Rad8 17. Rad1 g6 18. Bh6 Rfe8 19. Bf4 h5 20. Qg3 Bh4
21. Qh2 Rxd1 22. Nxd1 c5 23. Bd6 Qe2 24. Bxc5 Qxc2 25. Qd6 Qe4 26. f3 Qe2 27.
Bf2 Bxf2+ 28. Nxf2 Qxb2 29. Qb6 Bc8 30. Qc5 Qe5 31. Qb4 Bf5 32. h4 Qe7 33. Nh1
Qxb4 34. axb4 Re2 35. Ra1 Bc8 36. Ng3 Rb2 37. Rc1 Be6 38. Rc6 Rxb4 39. Rxa6 Ra4
40. Rb6 b4 41. Ne4 b3 42. Kh2 Kg7 43. Nc5 Ra3 44. Nxe6+ fxe6 45. Rxe6 b2 46.
Rb6 Ra2 47. Kg3 Kf7 48. Kf4 Ke7 49. Kg5 Kd7 50. Kxg6 Ra6 51. Rxa6 b1=Q+ 52. Kh6
Qf5 53. Rg6 Qf4+ 54. Kxh5 Qf5+ 55. Rg5 Qf4 56. Rg6 Qe3 57. f4 Ke8 58. f5 Qe2+ {
Time forfeit} 0-1

[Event "Rated Blitz game"]
[Site "?"]
[Date "2021.01.25"]
[Round "?"]
[White "n3chess"]
[Black "Tayota"]
[Result "1/2-1/2"]
[WhiteElo "2449"]
[BlackElo "2361"]
[PlyCount "89"]
[EventDate "2021.??.??"]
[EventType "blitz"]

1. e4 e5 2. Nf3 d5 3. exd5 e4 4. Qe2 f5 5. d3 Nf6 6. Nc3 Bb4 7. dxe4 Bxc3+ 8.
bxc3 fxe4 9. Nd4 c5 10. dxc6 Nxc6 11. Be3 O-O 12. Qc4+ Kh8 13. Nxc6 bxc6 14.
Rd1 Qa5 15. Be2 Bg4 16. O-O Bxe2 17. Qxe2 Qxc3 18. Bd4 Qa5 19. c4 Qf5 20. h3 c5
21. Bc3 Rae8 22. Qe3 h6 23. Rd6 Re6 24. Rxe6 Qxe6 25. Qxc5 Rc8 26. Qxa7 Rxc4
27. Bxf6 Qxf6 28. a4 Kh7 29. a5 Ra4 30. Qc5 Qg5 31. Qxg5 hxg5 32. Re1 Kg6 33.
Kh2 Kf5 34. Kg3 Rxa5 35. Re3 Rd5 36. f3 exf3 37. Rxf3+ Kg6 38. Ra3 Kh5 39. Kf3
Rf5+ 40. Kg3 Rc5 41. Rf3 Rc4 42. Rf7 Kg6 43. Rd7 Ra4 44. Rd6+ Kh5 45. Rd8 {
Normal} 1/2-1/2

[Event "Rated Blitz game"]
[Site "?"]
[Date "2021.01.25"]
[Round "?"]
[White "sha6rath"]
[Black "oZDr0Zo"]
[Result "0-1"]
[WhiteElo "2370"]
[BlackElo "2441"]
[PlyCount "42"]
[EventDate "2021.??.??"]
[EventType "blitz"]

1. e4 e5 2. Nf3 d5 3. Nxe5 dxe4 4. d4 Bd6 5. Nc4 Nc6 6. Nc3 Nf6 7. Bg5 Bf5 8.
Be2 Bb4 9. O-O Qxd4 10. Ne3 Bg6 11. Bxf6 Qxf6 12. Ncd5 Qd8 13. Bb5 Bd6 14.
Bxc6+ bxc6 15. Nc3 O-O 16. Qe2 f5 17. Rad1 f4 18. Nc4 f3 19. Qe3 Bxh2+ 20. Kxh2
Qh4+ 21. Kg1 Qg4 {Normal} 0-1

[Event "Rated Blitz game"]
[Site "?"]
[Date "2021.01.24"]
[Round "?"]
[White "PabloTapie"]
[Black "pasha1984"]
[Result "1-0"]
[WhiteElo "2502"]
[BlackElo "2354"]
[PlyCount "51"]
[EventDate "2021.??.??"]
[EventType "blitz"]

1. e4 e5 2. Nf3 d5 3. Nxe5 dxe4 4. d4 Bd6 5. Nc4 Nc6 6. Nxd6+ Qxd6 7. Be3 Nf6
8. h3 Nd5 9. Qd2 Nxe3 10. fxe3 O-O 11. Nc3 Bf5 12. g4 Bg6 13. Qh2 Qb4 14. O-O-O
Rac8 15. h4 h6 16. h5 Bh7 17. g5 Qd6 18. Qxd6 cxd6 19. gxh6 gxh6 20. Nd5 Bf5
21. Bb5 Kh7 22. Bxc6 Rxc6 23. Ne7 Bg4 24. Rdg1 Bf3 25. Rh3 Ra6 26. Rhg3 {Normal
} 1-0

[Event "Rated Blitz tournament mU5nx4z2"]
[Site "?"]
[Date "2021.01.24"]
[Round "?"]
[White "Harry_Rakel"]
[Black "Maltinho"]
[Result "0-1"]
[WhiteElo "2604"]
[BlackElo "2577"]
[PlyCount "34"]
[EventDate "2021.??.??"]
[EventType "blitz"]

1. e4 e5 2. Nf3 d5 3. exd5 Bd6 4. Nc3 Nf6 5. Bb5+ c6 6. dxc6 Nxc6 7. d3 Bg4 8.
h3 Bh5 9. Bg5 O-O 10. g4 Bg6 11. Bxc6 bxc6 12. Qe2 Rb8 13. O-O-O Qa5 14. Bxf6
gxf6 15. Qe1 Rxb2 16. Kxb2 Ba3+ 17. Ka1 Bb4 {Normal} 0-1

[Event "Rated Blitz tournament rbddfkwn"]
[Site "?"]
[Date "2021.01.24"]
[Round "?"]
[White "Elcaido"]
[Black "Tematico"]
[Result "0-1"]
[WhiteElo "2269"]
[BlackElo "2427"]
[PlyCount "40"]
[EventDate "2021.??.??"]
[EventType "blitz"]

1. e4 e5 2. Nf3 d5 3. d4 dxe4 4. Nxe5 Bd6 5. Nc4 Nf6 6. Nxd6+ Qxd6 7. Nc3 Nc6
8. Nb5 Qe7 9. Bg5 Bf5 10. Bxf6 gxf6 11. c3 a6 12. Na3 Rg8 13. g3 O-O-O 14. Qa4
e3 15. Bxa6 Qe4 16. O-O Bh3 17. f3 Qf4 18. Qxc6 Rxg3+ 19. Kh1 Bg2+ 20. Kg1
Bxf3+ {Normal} 0-1

[Event "Rated Blitz tournament mU5nx4z2"]
[Site "?"]
[Date "2021.01.24"]
[Round "?"]
[White "KreuzritterImZoo"]
[Black "Maltinho"]
[Result "1-0"]
[WhiteElo "2754"]
[BlackElo "2596"]
[PlyCount "67"]
[EventDate "2021.??.??"]
[EventType "blitz"]

1. e4 e5 2. Nf3 d5 3. exd5 Bd6 4. Nc3 Nf6 5. d3 Bg4 6. Be2 c6 7. dxc6 Nxc6 8.
Bg5 h6 9. Bxf6 gxf6 10. O-O Rg8 11. Nh4 f5 12. Bxg4 Qxh4 13. Bxf5 Nd4 14. Be4
f5 15. Kh1 fxe4 16. Nxe4 O-O-O 17. c3 Nc6 18. Qe2 Bc7 19. b4 Ne7 20. a4 Nd5 21.
g3 Qh3 22. Rg1 Rdf8 23. a5 Rf5 24. a6 b6 25. Qa2 Rh5 26. f3 Qd7 27. Rae1 Rf8
28. Rgf1 Rhf5 29. Kg2 Qf7 30. Qc4 Rxf3 31. Nd6+ Kd7 32. Nxf7 Ne3+ 33. Rxe3 Rxe3
34. Qd5+ {Normal} 1-0

[Event "Rated Blitz tournament rbddfkwn"]
[Site "?"]
[Date "2021.01.24"]
[Round "?"]
[White "tobita155"]
[Black "Tematico"]
[Result "1-0"]
[WhiteElo "2340"]
[BlackElo "2431"]
[PlyCount "71"]
[EventDate "2021.??.??"]
[EventType "blitz"]

1. e4 e5 2. Nf3 d5 3. Nxe5 Bd6 4. d4 dxe4 5. Nc4 Nf6 6. Nxd6+ Qxd6 7. Be3 Nc6
8. c3 Ng4 9. h3 Nxe3 10. fxe3 Qg3+ 11. Kd2 Be6 12. Qe1 Qg5 13. Kc1 O-O-O 14.
Nd2 f5 15. g3 Rhe8 16. h4 Qh6 17. Bc4 Ne7 18. Bxe6+ Qxe6 19. Nb3 Nd5 20. Kc2
Qh6 21. Kd2 Kb8 22. Qe2 b6 23. Rae1 c5 24. Kc1 cxd4 25. Nxd4 Qf6 26. Rhf1 g6
27. g4 f4 28. exf4 e3 29. f5 Rc8 30. Kb1 Rxc3 31. Qb5 Rec8 32. Qxd5 e2 33. Rxe2
R3c5 34. Qd7 Rd8 35. Re8 Rcc8 36. Rxd8 {Normal} 1-0

[Event "Rated Blitz game"]
[Site "?"]
[Date "2021.01.24"]
[Round "?"]
[White "josefghng"]
[Black "jsequera"]
[Result "1-0"]
[WhiteElo "2420"]
[BlackElo "2407"]
[PlyCount "53"]
[EventDate "2021.??.??"]
[EventType "blitz"]

1. e4 e5 2. Nf3 d5 3. Nxe5 Bd6 4. Nxf7 Kxf7 5. Qh5+ g6 6. Qxd5+ Kg7 7. e5 Qe8
8. d4 Nc6 9. c3 Nf6 10. Qf3 Bxe5 11. dxe5 Nxe5 12. Qe3 Nd5 13. Qd4 c5 14. Qxd5
Nf3+ 15. Kd1 Qe1+ 16. Kc2 Bf5+ 17. Bd3 Bxd3+ 18. Qxd3 Qxh1 19. Qd7+ Kg8 20.
Qd5+ Kg7 21. Qxb7+ Kf6 22. Qxf3+ Ke6 23. Qe4+ Kd7 24. Qd5+ Kc7 25. Na3 Rad8 26.
Bf4+ Kb6 27. Qb3+ {Normal} 1-0

[Event "Rated Blitz game"]
[Site "?"]
[Date "2021.01.24"]
[Round "?"]
[White "williamvalas"]
[Black "dr_xStranger"]
[Result "1-0"]
[WhiteElo "2459"]
[BlackElo "2514"]
[PlyCount "43"]
[EventDate "2021.??.??"]
[EventType "blitz"]

1. e4 e5 2. Nf3 d5 3. Nxe5 dxe4 4. d4 Nc6 5. Nxc6 bxc6 6. Bc4 Nf6 7. Bg5 h6 8.
Bh4 Bd6 9. Nc3 O-O 10. O-O Bf5 11. Re1 Re8 12. f3 exf3 13. Qxf3 Rxe1+ 14. Rxe1
Bg6 15. Qxc6 Rb8 16. Bb3 Bxh2+ 17. Kxh2 Ng4+ 18. Kh3 Bf5 19. Bxd8 Ne5+ 20. Kh2
Nxc6 21. Bxc7 Rc8 22. Be5 {Normal} 1-0

[Event "Rated Blitz tournament ckYMrRdw"]
[Site "?"]
[Date "2021.01.24"]
[Round "?"]
[White "Ezinez"]
[Black "Mewii2021"]
[Result "1-0"]
[WhiteElo "2416"]
[BlackElo "2247"]
[PlyCount "51"]
[EventDate "2021.??.??"]
[EventType "blitz"]

1. e4 e5 2. Nf3 d5 3. exd5 e4 4. Qe2 Be7 5. Qxe4 Nf6 6. Qa4+ c6 7. dxc6 O-O 8.
Bb5 bxc6 9. Bxc6 Nxc6 10. Qxc6 Rb8 11. O-O Bb7 12. Qc3 Rc8 13. Qb3 Bd5 14. Qe3
Rxc2 15. Nc3 Bc4 16. Re1 Bd6 17. d4 Re8 18. Ne5 Bxe5 19. dxe5 Ng4 20. Qf4 Nxf2
21. Qxc4 Nd3 22. Re2 Rxe2 23. Nxe2 Nxe5 24. Qd4 Qf6 25. Bf4 h6 26. Rf1 {Normal}
1-0

[Event "Rated Blitz tournament LgvdPWgR"]
[Site "?"]
[Date "2021.01.24"]
[Round "?"]
[White "jimmy0613"]
[Black "mustafacagan"]
[Result "1-0"]
[WhiteElo "2440"]
[BlackElo "2281"]
[PlyCount "111"]
[EventDate "2021.??.??"]
[EventType "blitz"]

1. e4 e5 2. Nf3 d5 3. d3 dxe4 4. dxe4 Qxd1+ 5. Kxd1 Nc6 6. Bc4 Bg4 7. c3 O-O-O+
8. Ke2 Nf6 9. Bg5 Be7 10. Bxf6 gxf6 11. Nbd2 Na5 12. Bxf7 Rhf8 13. Bb3 Kb8 14.
h3 Bh5 15. g4 Nxb3 16. axb3 Be8 17. Rad1 Bb5+ 18. Nc4 a6 19. Rxd8+ Rxd8 20. Rd1
Rh8 21. Nh4 h5 22. Ng6 Rh7 23. Nxe7 Rxe7 24. gxh5 Rh7 25. Kf3 Rxh5 26. Kg4 Rg5+
27. Kf3 Kc8 28. h4 Rh5 29. Kg3 Rh8 30. Ne3 Rg8+ 31. Kh3 Bd7+ 32. Nf5 Rh8 33.
Rd3 b5 34. Rg3 a5 35. Rg6 Rf8 36. h5 Be8 37. Rh6 c5 38. Kh4 Kd7 39. Rh7+ Bf7
40. h6 Kc6 41. Rg7 Bxb3 42. h7 Rh8 43. Ne7+ Kb6 44. Ng6 Rxh7+ 45. Rxh7 a4 46.
Kg3 b4 47. Rh1 bxc3 48. bxc3 a3 49. Ra1 a2 50. f3 Kb5 51. f4 Kc4 52. fxe5 fxe5
53. Nxe5+ Kxc3 54. Nf3 Kd3 55. e5 Ke4 56. Nd2+ {Time forfeit} 1-0

[Event "Rated Blitz game"]
[Site "?"]
[Date "2021.01.24"]
[Round "?"]
[White "HUGOABEL"]
[Black "mariusz95"]
[Result "0-1"]
[WhiteElo "2273"]
[BlackElo "2402"]
[PlyCount "80"]
[EventDate "2021.??.??"]
[EventType "blitz"]

1. e4 e5 2. Nf3 d5 3. d4 dxe4 4. Nxe5 Bd6 5. Bf4 Nf6 6. Nc3 O-O 7. Bc4 Nbd7 8.
O-O Nb6 9. Bb3 Bf5 10. Qe2 c6 11. Rad1 Nbd5 12. Bg5 Nxc3 13. bxc3 h6 14. Bh4
Be7 15. g4 Nxg4 16. Bxe7 Qxe7 17. Nxg4 Qg5 18. h3 h5 19. Qe3 Qg6 20. Kh2 hxg4
21. hxg4 Bxg4 22. Rg1 Qh5+ 23. Kg3 Bxd1 24. Rxd1 Qxd1 25. Qxe4 Rae8 26. Qf5
Qg1+ 27. Kf3 Re1 28. Bc4 Qh1+ 29. Kf4 Qh4+ 30. Kf3 Qf6 31. Qxf6 gxf6 32. Bd3
Rfe8 33. a4 Kg7 34. a5 a6 35. c4 Ra1 36. c5 Rxa5 37. Kf4 Ra4 38. c3 Ra3 39. Bf5
Rxc3 40. Bd7 Rd8 {Normal} 0-1

[Event "Rated Blitz tournament ddUjWBjM"]
[Site "?"]
[Date "2021.01.24"]
[Round "?"]
[White "ANDSANGARZON-1114"]
[Black "Mettigel"]
[Result "1/2-1/2"]
[WhiteElo "2233"]
[BlackElo "2468"]
[PlyCount "34"]
[EventDate "2021.??.??"]
[EventType "blitz"]

1. e4 e5 2. Nf3 d5 3. exd5 e4 4. Ng1 Nf6 5. Nc3 c6 6. dxc6 Nxc6 7. Bc4 Bc5 8.
Nge2 Bg4 9. O-O O-O 10. d3 Ne5 11. d4 Nxc4 12. dxc5 Qe7 13. Qd4 Bxe2 14. Nxe2
Ne5 15. Bg5 Rfd8 16. Qc3 Ned7 17. b4 Rac8 {Normal} 1/2-1/2

[Event "Rated Blitz game"]
[Site "?"]
[Date "2021.01.24"]
[Round "?"]
[White "Zolotukhin_Valery"]
[Black "AlaEldin"]
[Result "1-0"]
[WhiteElo "2433"]
[BlackElo "2256"]
[PlyCount "69"]
[EventDate "2021.??.??"]
[EventType "blitz"]

1. e4 e5 2. Nf3 d5 3. exd5 e4 4. Qe2 Nf6 5. Nc3 Be7 6. d3 exf3 7. Qxf3 O-O 8.
h3 b5 9. d6 Bxd6 10. Qxa8 c6 11. Qxa7 Re8+ 12. Be3 Nbd7 13. Be2 b4 14. Na4 Nd5
15. O-O-O Bb8 16. Qd4 Be5 17. Qc4 Qa5 18. Qxc6 N7f6 19. b3 Nc3 20. Bf3 Nxa2+
21. Kd2 Bc3+ 22. Ke2 Bd7 23. Qc5 Qd8 24. Kf1 Bxa4 25. bxa4 Be5 26. d4 Bd6 27.
Qc4 Nc3 28. Ra1 Qb8 29. a5 Bf4 30. a6 Bxe3 31. a7 Qa8 32. Bxa8 Rxa8 33. fxe3
Nfe4 34. Qxb4 Nd2+ 35. Kg1 {Normal} 1-0

[Event "Rated Blitz game"]
[Site "?"]
[Date "2021.01.24"]
[Round "?"]
[White "juan-carlos"]
[Black "KamranShirazi"]
[Result "0-1"]
[WhiteElo "2330"]
[BlackElo "2476"]
[PlyCount "108"]
[EventDate "2021.??.??"]
[EventType "blitz"]

1. e4 e5 2. Nf3 d5 3. exd5 e4 4. Qe2 f5 5. d3 Nf6 6. Nfd2 Bb4 7. dxe4 fxe4 8.
c3 Be7 9. Nxe4 Nxd5 10. Qh5+ g6 11. Qh6 Nf6 12. Qg7 Rf8 13. Nxf6+ Bxf6 14. Qxh7
Bf5 15. Bb5+ c6 16. O-O cxb5 17. Re1+ Be7 18. Bg5 Nc6 19. Na3 Rf7 20. Qg8+ Rf8
21. Qg7 Rf7 22. Qh8+ Rf8 23. Qh4 a6 24. Rad1 Qc7 25. Bxe7 Nxe7 26. Rd5 Rd8 27.
c4 Rxd5 28. cxd5 Qd6 29. g4 Bd7 30. Nc2 Kd8 31. Ne3 Qf6 32. g5 Qf4 33. Qg3
Qxg3+ 34. hxg3 Nf5 35. Ng4 Nxg3 36. Nf6 Nf5 37. d6 Nxd6 38. Rd1 Kc7 39. Rc1+
Bc6 40. Nd5+ Kb8 41. Nf6 Nc4 42. Re1 Nd2 43. Re7 Nf3+ 44. Kf1 Nxg5 45. Nd7+
Bxd7 46. Rxd7 Ne4 47. Rg7 Rxf2+ 48. Ke1 Rxb2 49. Rxg6 Rxa2 50. Re6 Nc5 51. Re8+
Ka7 52. Rc8 Ra1+ 53. Kd2 Nb3+ 54. Kc3 Rc1+ {Normal} 0-1

[Event "Rated Blitz game"]
[Site "?"]
[Date "2021.01.24"]
[Round "?"]
[White "Maybach77"]
[Black "KamranShirazi"]
[Result "1-0"]
[WhiteElo "2422"]
[BlackElo "2497"]
[PlyCount "21"]
[EventDate "2021.??.??"]
[EventType "blitz"]

1. e4 e5 2. Nf3 d5 3. Nxe5 Bd6 4. d4 dxe4 5. Nc4 Nc6 6. Nc3 Bb4 7. Be3 Nf6 8.
Be2 Nd5 9. Bd2 Nxd4 10. Nxd5 Bc3 11. Nxc3 {Normal} 1-0

[Event "Rated Rapid game"]
[Site "?"]
[Date "2021.01.24"]
[Round "?"]
[White "DeBlaz"]
[Black "vitvolrapid"]
[Result "1-0"]
[WhiteElo "2547"]
[BlackElo "2508"]
[PlyCount "103"]
[EventDate "2021.??.??"]
[EventType "rapid"]

1. e4 e5 2. Nf3 d5 3. exd5 e4 4. Qe2 Be7 5. Nc3 exf3 6. Qxf3 Nf6 7. h3 O-O 8.
Bd3 Nbd7 9. O-O Ne5 10. Qe2 Nxd3 11. Qxd3 Bb4 12. Qc4 Bxc3 13. dxc3 Nxd5 14.
Rd1 Ne3 15. Bxe3 Qe7 16. Bc5 Be6 17. Bxe7 Bxc4 18. Bxf8 Kxf8 19. Rd4 Be6 20.
Rad1 Ke7 21. b3 a5 22. a4 c6 23. f4 Rb8 24. g4 g6 25. Kf2 b5 26. Re1 Kf6 27.
Kg3 c5 28. Rde4 c4 29. axb5 Rxb5 30. bxc4 Rc5 31. Rd4 Bxc4 32. Re5 Rc7 33. Rxa5
Be6 34. Ra3 Rc5 35. c4 h5 36. Rc3 hxg4 37. hxg4 Ke7 38. Re4 Kf6 39. Re5 Rc6 40.
Ra5 Ke7 41. c5 Rc7 42. c6 Kd6 43. Rb5 Bd5 44. Rb7 Rxc6 45. Rxc6+ Kxc6 46. Ra7
Kd6 47. f5 gxf5 48. gxf5 Bc4 49. Kf4 f6 50. c3 Bd5 51. Ra6+ Ke7 52. Rb6 {Normal
} 1-0

[Event "Rated Blitz game"]
[Site "?"]
[Date "2021.01.24"]
[Round "?"]
[White "reaperstrum"]
[Black "CristianS27"]
[Result "1-0"]
[WhiteElo "2334"]
[BlackElo "2424"]
[PlyCount "47"]
[EventDate "2021.??.??"]
[EventType "blitz"]

1. e4 e5 2. Nf3 d5 3. Nxe5 dxe4 4. d4 Nd7 5. Nxd7 Bxd7 6. Bc4 Bd6 7. O-O Qh4 8.
g3 Qh3 9. Re1 Nf6 10. Bf1 Qf5 11. Bg2 O-O-O 12. c4 c6 13. Nc3 Rde8 14. Qc2 Bb4
15. a3 Bxc3 16. bxc3 h5 17. h4 Be6 18. Qa4 Kb8 19. Rb1 Ka8 20. Bf4 Nd7 21. Bxe4
Qf6 22. Bxc6 Rb8 23. Bxb8 Rxb8 24. Bxd7 {Normal} 1-0

[Event "Rated Blitz tournament YiXeh5Em"]
[Site "?"]
[Date "2021.01.24"]
[Round "?"]
[White "jeggerm"]
[Black "cuerosky"]
[Result "1-0"]
[WhiteElo "2439"]
[BlackElo "2220"]
[PlyCount "67"]
[EventDate "2021.??.??"]
[EventType "blitz"]

1. e4 e5 2. Nf3 d5 3. exd5 e4 4. Ne5 Qxd5 5. d4 exd3 6. Nxd3 Nf6 7. Nc3 Qd8 8.
Bg5 Be7 9. Qd2 O-O 10. O-O-O Nc6 11. g3 Bg4 12. Be2 Bxe2 13. Qxe2 Re8 14. f4
Nd4 15. Qg2 c5 16. Rhe1 b6 17. Ne5 Qc8 18. Ne2 h6 19. Bh4 Qa6 20. Nxd4 cxd4 21.
Kb1 Rac8 22. Rxd4 Bc5 23. Rd3 Nh7 24. g4 Qb5 25. Red1 a5 26. Rd7 Ba3 27. b3 Qc5
28. Qd2 Rxe5 29. fxe5 Qxe5 30. Qd4 Qxh2 31. Rd8+ Rxd8 32. Qxd8+ Nf8 33. Be7
Bxe7 34. Qxe7 {Time forfeit} 1-0

[Event "Rated Blitz game"]
[Site "?"]
[Date "2021.01.24"]
[Round "?"]
[White "wizardbar"]
[Black "Korshun_2022"]
[Result "1-0"]
[WhiteElo "2486"]
[BlackElo "2346"]
[PlyCount "153"]
[EventDate "2021.??.??"]
[EventType "blitz"]

1. e4 e5 2. Nf3 d5 3. Nxe5 Bd6 4. d4 dxe4 5. Nc3 Nf6 6. Bg5 O-O 7. Bc4 Nbd7 8.
Nxe4 Qe8 9. Bxf6 Nxf6 10. Qe2 Bxe5 11. dxe5 Qxe5 12. Nxf6+ Qxf6 13. c3 Be6 14.
O-O Rfe8 15. Rfe1 Bd7 16. Qd3 Bc6 17. Bb5 Red8 18. Qc4 Rd6 19. Bxc6 Rxc6 20.
Qb4 Rb6 21. Qc4 Rc6 22. Qb4 Rb6 23. Qc4 Rc6 24. Qe2 g6 25. h3 Kg7 26. Rad1 Rd8
27. Rxd8 Qxd8 28. Qe5+ Qf6 29. Qe8 Rd6 30. Qe3 b6 31. g3 h5 32. h4 Rd5 33. Kg2
Rf5 34. Re2 Qc6+ 35. Qe4 Qxe4+ 36. Rxe4 Kf6 37. f4 Rd5 38. Re2 Rd3 39. Kf2 a5
40. Rc2 a4 41. b3 a3 42. Re2 Rd1 43. Ke3 Rg1 44. Kf3 Rc1 45. c4 Rc3+ 46. Re3
Rc2 47. Re2 Rb2 48. Ke3 Kf5 49. Kd3 Kg4 50. Rxb2 axb2 51. Kc2 Kxg3 52. b4 Kxf4
53. a4 g5 54. a5 bxa5 55. bxa5 gxh4 56. a6 h3 57. a7 h2 58. a8=Q Kg3 59. Qh1
b1=Q+ 60. Kxb1 f5 61. Kc2 f4 62. Kd2 f3 63. Ke1 f2+ 64. Kf1 h4 65. Qc6 h1=Q+
66. Qxh1 h3 67. Qc6 h2 68. Qh1 Kf4 69. Qc6 h1=Q+ 70. Qxh1 Ke3 71. Qg2 Kd4 72.
Qxf2+ Kxc4 73. Qe2+ Kb4 74. Kf2 c5 75. Qd2+ Kb3 76. Ke3 c4 77. Kd4 {Time
forfeit} 1-0

[Event "Rated Blitz tournament mU5nx4z2"]
[Site "?"]
[Date "2021.01.24"]
[Round "?"]
[White "Zsoltinyo"]
[Black "Maltinho"]
[Result "0-1"]
[WhiteElo "2400"]
[BlackElo "2570"]
[PlyCount "94"]
[EventDate "2021.??.??"]
[EventType "blitz"]

1. e4 e5 2. Nf3 d5 3. Nc3 d4 4. Ne2 Bd6 5. Ng3 h5 6. h4 Bg4 7. Bc4 f6 8. d3 Ne7
9. Bd2 c6 10. a4 Nd7 11. Qb1 Nc5 12. Qa2 Qd7 13. Bf7+ Kf8 14. Bc4 Nxa4 15. Qxa4
b5 16. Qa2 bxc4 17. Qxc4 Be6 18. Qa6 Kf7 19. O-O Ng6 20. b4 Bg4 21. Nh2 Nxh4
22. f4 exf4 23. Bxf4 g5 24. Bxg5 Bxg3 25. Rxf6+ Kg7 26. Raf1 Raf8 27. b5 Nxg2
28. Kxg2 Bh3+ 29. Kxg3 Bxf1 30. Rxf1 Rxf1 31. bxc6 Qf7 32. Nxf1 Qxf1 33. Qxa7+
Kg6 34. Qxd4 Rf8 35. Qe3 h4+ 36. Kxh4 Qh1+ 37. Kg4 Qg2+ 38. Qg3 Qe2+ 39. Kh3
Rh8+ 40. Bh4+ Kf7 41. Qf4+ Kg8 42. Qg5+ Kh7 43. Qf5+ Kg8 44. Qg5+ Kf8 45. Qf5+
Ke8 46. Qe5+ Kf7 47. Qxh8 Kg6 {Time forfeit} 0-1

[Event "Rated Blitz game"]
[Site "?"]
[Date "2021.01.24"]
[Round "?"]
[White "ARandomMove"]
[Black "shae11"]
[Result "0-1"]
[WhiteElo "2345"]
[BlackElo "2488"]
[PlyCount "54"]
[EventDate "2021.??.??"]
[EventType "blitz"]

1. e4 e5 2. Nf3 d5 3. Nxe5 Bd6 4. d4 dxe4 5. Bf4 Ne7 6. Bc4 O-O 7. Nc3 Bf5 8.
O-O Nd7 9. Nxd7 Qxd7 10. Bxd6 Qxd6 11. Re1 Rad8 12. Nxe4 Qxd4 13. Qxd4 Rxd4 14.
Bd3 b6 15. Nf6+ gxf6 16. Rxe7 Bxd3 17. cxd3 c5 18. Rxa7 Re8 19. Rb7 Re6 20. g3
Rxd3 21. a4 Rd2 22. a5 bxa5 23. Rxa5 Re1+ 24. Kg2 Ree2 25. Raa7 Rxf2+ 26. Kh3
h5 27. g4 Rd3+ {Normal} 0-1

[Event "Rated Blitz game"]
[Site "?"]
[Date "2021.01.24"]
[Round "?"]
[White "Lopez09"]
[Black "pasha1984"]
[Result "0-1"]
[WhiteElo "2417"]
[BlackElo "2360"]
[PlyCount "33"]
[EventDate "2021.??.??"]
[EventType "blitz"]

1. e4 e5 2. Nf3 d5 3. exd5 e4 4. Ne5 Qxd5 5. d4 exd3 6. Nxd3 Bf5 7. Nc3 Qe6+ 8.
Be2 Nc6 9. O-O O-O-O 10. Re1 Qc4 11. Bd2 Nf6 12. b3 Qh4 13. g3 Qh3 14. Bf1 Qg4
15. Qxg4 Bxg4 16. Bg2 Nd4 17. h3 {Normal} 0-1

[Event "Caissa Guatemala Online"]
[Site "chess.com INT"]
[Date "2021.01.23"]
[Round "3"]
[White "Bianchi Azurdia, Gerardo"]
[Black "Juracan R., Jogli Edbin"]
[Result "1-0"]
[WhiteElo "1726"]
[BlackElo "1315"]
[PlyCount "123"]
[EventDate "2021.01.23"]
[SourceTitle "The Week in Chess 1368"]
[Source "Mark Crowther"]
[SourceDate "2021.01.25"]
[SourceVersion "2"]
[SourceVersionDate "2021.01.26"]
[SourceQuality "2"]

1. e4 e5 2. Nf3 d5 3. exd5 e4 4. Qe2 f5 5. Nc3 Nf6 6. d3 Bd6 7. dxe4 fxe4 8.
Nxe4 O-O 9. Bg5 Be7 10. O-O-O Bf5 11. Nxf6+ Bxf6 12. Bxf6 Qxf6 13. Nd4 Bg6 14.
Qc4 Qf4+ 15. Kb1 Nd7 16. d6+ Bf7 17. Qxc7 Ne5 18. Be2 Rac8 19. Qa5 Nc4 20. Bxc4
Bxc4 21. d7 Rcd8 22. Nf3 a6 23. Rd4 Qf7 24. Ne5 Bxa2+ 25. Qxa2 Qxa2+ 26. Kxa2
Rxf2 27. c3 Re2 28. Nf3 Rxg2 29. Re1 Kf7 30. Rf4+ Kg6 31. Nh4+ Kg5 32. Nxg2
Rxd7 33. Re5+ Kg6 34. h4 h6 35. h5+ Kh7 36. Nh4 g5 37. hxg6+ Kg7 38. Rf7+ Rxf7
39. gxf7 Kxf7 40. Rc5 Kf6 41. Rc7 b5 42. Rc6+ Kg5 43. Nf3+ Kh5 44. Rxa6 Kg4 45.
Rxh6 Kf4 46. Rb6 b4 47. Rxb4+ Ke3 48. Rd4 Ke2 49. b4 Ke3 50. b5 Kf2 51. b6 Kf1
52. b7 Ke2 53. b8=R Kf1 54. Ng5 Ke2 55. Nf7 Ke3 56. Nd6 Kf3 57. Nc4 Ke2 58.
Re8+ Kf3 59. Re3+ Kf2 60. Rd2+ Kf1 61. Ne5 Kg1 62. Re1# 1-0